| 000 | 00695cam a22002293a 4500 | ||
|---|---|---|---|
| 001 | 30005 | ||
| 003 | PGUSA | ||
| 005 | 20140828083640.0 | ||
| 008 | 090916s2009||||xxu|||||s|||||000 | eng d | ||
| 040 |
_aPGUSA _beng |
||
| 042 | _adc | ||
| 050 | 4 | _aQA | |
| 100 | 1 |
_aKoenigsberger, Leo, _d1837-1921 |
|
| 245 | 1 | 0 |
_aZur Geschichte der Theorie der Elliptischen Transcendenten : _bIn den Jahren 1826-29 _h[electronic resource] / _cLeo Koenigsberger |
| 260 |
_bProject Gutenberg, _c2009 |
||
| 506 | _aPublic domain in the USA. | ||
| 516 | _aElectronic text | ||
| 653 | _aElliptic functions | ||
| 830 | 0 |
_aProject Gutenberg _v30005 |
|
| 856 | 4 | 0 | _uhttp://www.gutenberg.org/ebooks/30005 |
| 942 | _cEB | ||
| 999 |
_c259260 _d259260 |
||